Statistics for Countries with Multiple Capitals

Click here to take the quiz!

General Stats

  • This quiz has been taken 39 times
  • The average score is 4 of 6

Answer Stats

HintAnswer% Correct
Southern-hemisphereSouth Africa
97%
Famously landlocked after war with bordering countryBolivia
94%
Small and thin west-African countryBenin
68%
Home of true cinnamonSri Lanka
55%
Current tallest twin towers are located hereMalaysia
48%
Landlocked country bordering one of the countries in this quizEswatini
45%

Score Distribution

Percentile by Number Answered

Percent of People with Each Score

Your Score History

You have not taken this quiz